Minecraft Mobs: Skeleton - Statistics

General Stats
  • This quiz has been taken 25 times
  • The average score is 8 of 12
Answer Stats
Question Answer % Correct
How many health points does a skeleton have? 20
100%
What is one item a skeleton can drop when killed by a player? Arrow | Bone
76%
What nether structure can skeletons spawn in? Nether Fortress
71%
What is the highest light level a skeleton can spawn at in the overworld? 0
67%
What mob has a 1% chance to spawn with a skeleton riding it? Spider
67%
What is the highest light level a skeleton can spawn at in the nether? 7
62%
What mob can spawn with a skeleton riding it when a trap version is struck by lightning? Skeleton Horse
62%
What mob does a skeleton flee from? Wolf
62%
How many seconds does a skeleton have to be in powdered snow to turn into a stray? 7
57%
What nether biome can skeletons spawn in? Soul Sand Valley
57%
What is a skeleton's width in blocks? 0.6
43%
What is a skeleton's height in blocks? 1.99
33%
No matching quizzes found
Score Distribution
Percent of People with Each Score
Percentile by Number Answered
Your Score History
You have not taken this quiz